En el país de los lapones (Record no. 76520)
[ view plain ]
| 000 -LEADER | |
|---|---|
| campo de control de longitud fija | 01273nam a2200289 i 4500 |
| 001 - NÚMERO DE CONTROL | |
| campo de control | 76520 |
| 003 - IDENTIFICADOR DE NÚMERO DE CONTROL | |
| campo de control | ES-MaACL |
| 005 - FECHA Y HORA DE LA ÚLTIMA TRANSACCIÓN | |
| campo de control | 20250907063049.0 |
| 007 - CAMPO FIJO DE DESCRIPCIÓN FÍSICA--INFORMACIÓN GENERAL | |
| campo de control de longitud fija | t| |
| 008 - DATOS DE LONGITUD FIJA--INFORMACIÓN GENERAL | |
| campo de control de longitud fija | 041001s1951 sp af |||| |dspa d |
| 080 ## - NÚMERO DE LA CLASIFICACIÓN DECIMAL UNIVERSAL | |
| Número de la Clasificación Decimal Universal | 58(488.8)(079.3) |
| 080 ## - NÚMERO DE LA CLASIFICACIÓN DECIMAL UNIVERSAL | |
| Número de la Clasificación Decimal Universal | 58(063)"1950" |
| 100 1# - ENTRADA PRINCIPAL--NOMBRE DE PERSONA | |
| Nombre de persona | Guinea López, Emilio, |
| Fechas asociadas al nombre | 1907-1985 |
| 9 (RLIN) | 60863 |
| 245 10 - MENCIÓN DEL TÍTULO | |
| Título | En el país de los lapones |
| Resto del título | : (relato ilustrado de mi primer viaje a Escandinavia) / |
| Mención de responsabilidad, etc. | por Emilio Guinea. |
| 260 ## - PUBLICACIÓN, DISTRIBUCIÓN, ETC. | |
| Lugar de publicación, distribución, etc. | Madrid : |
| Nombre del editor, distribuidor, etc. | Instituto de Estudios Africanos, |
| Fecha de publicación, distribución, etc. | 1951 ( |
| Fabricante | Ares) |
| 300 ## - DESCRIPCIÓN FÍSICA | |
| Extensión | 225 p., 25 lám. : |
| Otras características físicas | il. ; |
| Dimensiones | 25 cm. |
| 510 ## - NOTA DE CITAS O REFERENCIAS BIBLIOGRÁFICAS | |
| Nombre de la fuente | CCPB, |
| Localización dentro de la fuente | 000766560-1 |
| 594 ## - Nota al título y mención de responsabilidad | |
| Nota al título y mención de responsabilidad | Precede al tít.: Consejo Superior de Investigaciones Científicas. |
| 650 #4 - PUNTO DE ACCESO ADICIONAL DE MATERIA--TÉRMINO DE MATERIA | |
| Término de materia o nombre geográfico como elemento de entrada | Flora- |
| Subdivisión geográfica | Laponia (Finlandia) |
| 9 (RLIN) | 159965 |
| 651 #4 - PUNTO DE ACCESO ADICIONAL DE MATERIA--NOMBRE GEOGRÁFICO | |
| Nombre geográfico | Laponia- |
| Subdivisión general | Descripción. |
| 9 (RLIN) | 159924 |
| 710 2# - ENTRADA AGREGADA--NOMBRE DE ENTIDAD CORPORATIVA | |
| Nombre de entidad corporativa o nombre de jurisdicción como elemento de entrada | Instituto de Estudios Africanos. |
| 9 (RLIN) | 4881 |
| 852 ## - LOCALIZACIÓN | |
| Ubicación | ES-MaACL |
| Número de control de estantería | D-6517 |
| itemnumber | 79395 |
| Sublocalización o colección | R.31689 |
| -- | R.M.6108 |
| Ubicación en estantería | Sala Valle Inclán |
| Marcas de propiedad | Sello en tinta azul de la Biblioteca del Ateneo de Madrid |
| Donativo/Legado | Sello en tinta: "Donativo" |
| Nota libre | En cubierta: "15.ABR.1952" |
| -- | En cubierta: "PRECIO DEL EJEMPLAR PTAS." |
| 942 ## - ELEMENTOS DE ENTRADA SECUNDARIOS (KOHA) | |
| Fuente del sistema de clasificación o colocación | Clasificación decimal universal |
| Tipo de ítem Koha | Libro impreso |
| Estatus retirado | Estado de pérdida | Fuente del sistema de clasificación o colocación | Estado de daño | No para préstamo | Biblioteca de origen | Biblioteca actual | Ubicación en estantería | Fecha de adquisición | Fuente de adquisición | Total de préstamos | Signatura topográfica completa | Código de barras | Visto por última vez | Precio de reemplazo | Tipo de ítem Koha |
|---|---|---|---|---|---|---|---|---|---|---|---|---|---|---|---|
| Clasificación decimal universal | Biblioteca del Ateneo de Madrid | Biblioteca del Ateneo de Madrid | Sala Valle Inclán | 17/01/2008 | Donación | D-6517 | 901080074 | 23/02/2023 | 23/02/2023 | Libro impreso |
